|
|
|
|
| LEADER |
00720cam a2200229 7i4500 |
| 001 |
0000027299 |
| 005 |
20230406090000.0 |
| 008 |
230406t20022002my # ### #00001may## |
| 020 |
# |
# |
|a 9832149320
|
| 040 |
# |
# |
|a UMT
|b eng
|c UMT
|e rda
|
| 090 |
0 |
0 |
|a BJ 1291
|b .S9 2002
|
| 100 |
0 |
# |
|a Sayyid Muhammad Nuh, Dr.
|e author
|
| 245 |
1 |
0 |
|a Rida Ilahi
|c Dr. Sayyid Muhammad Nuh.
|
| 264 |
# |
4 |
|c ♭2002
|
| 264 |
# |
1 |
|a Selangor:
|b Penerbitan Darul Iman,
|c 2002
|
| 300 |
# |
# |
|a vii, 240 pages;
|c 23 cm
|
| 336 |
# |
# |
|a text --
|2 rdacontent
|
| 337 |
# |
# |
|a unmediated --
|2 rdamedia
|
| 338 |
# |
# |
|a volume --
|2 rdacarrier
|
| 590 |
# |
# |
|a Pusat Pendidikan Asas dan Liberal
|
| 650 |
0 |
0 |
|a Islamic ethics
|
| 999 |
|
|
|a 1100011871
|b Book
|c Open Shelf
|e KOLEKSI TERBUKA
|